[Event "47th POL-ch (w)"]
[Site "Warszawa POL"]
[Date "1995.03.??"]
[Round "5"]
[EventDate "1995.03.20"]
[PlyCount "75"]
[Result "1-0"]
[White "Bartosik, Olimpia"]
[Black "Lewandowska, Katarzyna"]
[WhiteElo "2145"]
[BlackElo "2100"]

1. e4 c5 2. c3 d5 3. exd5 Qxd5 4. d4 e5 5. Nf3 cxd4 6. cxd4 Nc6 7. Nc3 Bb4 8.  Bd2 Bxc3 9. Bxc3 e4 10. Ne5 Nxe5 11. dxe5 Ne7 12. Be2 O-O 13. O-O Rd8 14. Qc1  Be6 15. Qf4 Ng6 16. Qg3 Qc5 17. Kh1 Rac8 18. a3 Bc4 19. Rfe1 Re8 20. Bg4 Rcd8  21. Rad1 Rxd1 22. Rxd1 Bd3 23. f3 Qe3 24. e6 f6 25. Qc7 Ne7 26. Bb4 Qb6 27. Qd7  Bb5 28. Qd2 f5 29. Bh5 Ng6 30. e7 Qe6 31. fxe4 fxe4 32. Qe3 Bd3 33. Rxd3 Qf5  34. Rd8 Kf7 35. Bxg6+ hxg6 36. Qb3+ Kf6 37. Rd6+ Kxe7 38. Rd5+ 1-0

[Event "47th POL-ch (w)"]
[Site "Warszawa POL"]
[Date "1995.03.??"]
[Round "5"]
[EventDate "1995.03.20"]
[PlyCount "130"]
[Result "0-1"]
[White "Dworakowska, Joanna"]
[Black "Aksiuczyc, Monika"]
[WhiteElo "2225"]
[BlackElo "2075"]

1. e4 c5 2. Nf3 Nc6 3. d4 cxd4 4. Nxd4 Nf6 5. Nc3 e5 6. Ndb5 d6 7. Bg5 a6 8.  Na3 b5 9. Bxf6 gxf6 10. Nd5 f5 11. Bd3 f4 12. c4 b4 13. Qa4 Bd7 14. Nb5 Rc8 15.  Qxa6 Be7 16. Qb6 h5 17. O-O-O Rh6 18. Kb1 Kf8 19. Qxd8+ Bxd8 20. Be2 f5 21. f3  h4 22. g3 hxg3 23. hxg3 Rxh1 24. Rxh1 fxg3 25. Nxd6 Nd4 26. Bf1 Nxf3 27. Nxc8  Nd2+ 28. Kc2 Nxf1 29. Rxf1 f4 30. Nd6 Bh3 31. Rg1 g2 32. Kd3 Bh4 33. c5 f3 34.  Ne3 Bf2 35. Rxg2 fxg2 36. Nxg2 Bxg2 37. Kc4 Ke7 38. Kxb4 Bf1 39. Nc4 Bd4 40. b3  Kd7 41. Kb5 Bd3 42. Kb6 Bxe4 43. a4 Bc6 44. Na3 e4 45. Nc2 Be5 46. a5 Bc7+ 47.  Ka6 Bd5 48. b4 Bb3 49. Nd4 e3 50. b5 Bc4 51. Kb7 Bxa5 52. c6+ Kd8 53. b6 Bd5  54. Ka6 Bc3 55. Nb5 Be5 56. c7+ Kd7 57. Na7 Bxc7 58. bxc7 Kxc7 59. Nb5+ Kc6 60.  Ka5 Kc5 61. Nc3 Bc4 62. Ne4+ Kd4 63. Ng3 Ke5 64. Kb4 Kf4 65. Nh5+ Kf3 0-1

[Event "47th POL-ch (w)"]
[Site "Warszawa POL"]
[Date "1995.03.??"]
[Round "5"]
[EventDate "1995.03.20"]
[PlyCount "112"]
[Result "0-1"]
[White "Grabarska, Barbara"]
[Black "Bobrowska, Monika"]
[WhiteElo "2155"]
[BlackElo "2310"]

1. e4 e6 2. d4 d5 3. Nc3 Bb4 4. e5 c5 5. a3 Ba5 6. b4 cxd4 7. Qxd4 Bc7 8. Nb5  a6 9. Nxc7+ Qxc7 10. Bf4 Ne7 11. Bd3 Nec6 12. Qb2 Nd7 13. Nf3 g5 14. Bxg5 Ndxe5  15. Nxe5 Qxe5+ 16. Qxe5 Nxe5 17. Be2 O-O 18. f4 Ng6 19. O-O Kg7 20. f5 exf5 21.  Bd3 f6 22. Be3 f4 23. Bxf4 Nxf4 24. Rxf4 Be6 25. Re1 Rae8 26. Rf3 Bf7 27. Rfe3  Rxe3 28. Rxe3 Bg6 29. Kf2 Kf7 30. Ke2 Rc8 31. Bxg6+ hxg6 32. Kd3 d4 33. Re2  Rc3+ 34. Kxd4 Rxa3 35. Kc5 b5 36. Kd6 f5 37. Re7+ Kf6 38. Re6+ Kg5 39. h4+ Kh5  40. Kd5 Rc3 41. Rxa6 Rxc2 42. g3 Rc3 43. Ra8 Rxg3 44. Rh8+ Kg4 45. Kc5 f4 46.  Kxb5 f3 47. Rf8 Kh3 48. Kc4 Kg2 49. Kd3 Rg4 50. Rf6 f2 51. Ke2 Re4+ 52. Kd3 Re6  53. Rxe6 f1=Q+ 54. Kd4 Qf5 55. Re5 Qf4+ 56. Re4 Qd6+ 0-1

[Event "47th POL-ch (w)"]
[Site "Warszawa POL"]
[Date "1995.03.??"]
[Round "5"]
[EventDate "1995.03.20"]
[PlyCount "142"]
[Result "1/2-1/2"]
[White "Henc, Renata"]
[Black "Krynicka, Jolanta"]
[WhiteElo "2160"]
[BlackElo "2175"]

1. d4 Nf6 2. Nf3 g6 3. Bg5 Bg7 4. Nbd2 d5 5. e3 O-O 6. Bd3 Nbd7 7. O-O c5 8. c3  b6 9. Qb1 Bb7 10. b4 c4 11. Bc2 b5 12. a4 a6 13. e4 dxe4 14. Nxe4 Nd5 15. Qe1  h6 16. Bh4 Qe8 17. h3 f5 18. Nc5 Nxc5 19. bxc5 e6 20. Bg3 Qc6 21. Bd6 Rfe8 22.  Be5 Nf6 23. Qe2 Nd7 24. Bxg7 Kxg7 25. Rfd1 Rad8 26. axb5 axb5 27. Ra7 Qd5 28.  Rb1 e5 29. Qf1 exd4 30. cxd4 Ra8 31. Rxa8 Rxa8 32. Rxb5 g5 33. Bxf5 Bc6 34.  Bxd7 Bxd7 35. Rb4 c3 36. Ne5 Bf5 37. c6 c2 38. g4 Be4 39. f3 Bxf3 40. Rb7+ Kg8  41. Nxf3 Qxf3 42. Qxf3 c1=Q+ 43. Qf1 Qe3+ 44. Qf2 Qc1+ 45. Kh2 Rf8 46. Qa2+ Kh8  47. Rf7 Rxf7 48. Qxf7 Qc2+ 49. Kg3 Qxc6 50. Qf8+ Kh7 51. Qc5 Qh1 52. Qe7+ Kg6  53. Qe6+ Kg7 54. Qe3 Qd1 55. Qe5+ Kg6 56. Qf5+ Kg7 57. d5 Qg1+ 58. Kf3 Qh1+ 59.  Ke3 Qxh3+ 60. Kd4 Qa3 61. Qd7+ Kg6 62. Qe6+ Kg7 63. d6 Qb4+ 64. Kd3 Qa3+ 65.  Kc2 Qc5+ 66. Kb3 Qb5+ 67. Kc2 Qc5+ 68. Kd3 Qa3+ 69. Ke4 Qb4+ 70. Kf3 Qc3+ 71.  Ke2 Qc2+ 1/2-1/2

[Event "47th POL-ch (w)"]
[Site "Warszawa POL"]
[Date "1995.03.??"]
[Round "5"]
[EventDate "1995.03.20"]
[PlyCount "79"]
[Result "1-0"]
[White "Leszner, Liliana"]
[Black "Dabrowska, Krystyna"]
[WhiteElo "2205"]
[BlackElo "2305"]

1. e4 e5 2. Nf3 Nc6 3. Bc4 Nf6 4. d3 h6 5. c3 d6 6. Nbd2 g6 7. Nf1 Bg7 8. Ng3  O-O 9. a4 Re8 10. O-O d5 11. exd5 Nxd5 12. Ne4 b6 13. Bxh6 Nxc3 14. Nxc3 Bxh6  15. Bd5 Bb7 16. Re1 Bg7 17. Qb3 Qd7 18. Ng5 Nd8 19. Bxb7 Nxb7 20. Re3 Rad8 21.  Rf3 Re7 22. Qb4 Nc5 23. Qh4 Qc6 24. Nxf7 Rdd7 25. Ng5 Bf6 26. Qc4+ Kg7 27. Nce4  Rd4 28. Qc1 Bxg5 29. Qxg5 Re6 30. Ng3 Kh7 31. Nh5 Nd7 32. Rf7+ Kg8 33. Rg7+ Kf8  34. Qh6 Ke8 35. Qh8+ Nf8 36. Rg8 Kd7 37. Rxf8 Qc2 38. Ng3 Qxb2 39. Rf1 Kc6 40.  Qg8 1-0

[Event "47th POL-ch (w)"]
[Site "Warszawa POL"]
[Date "1995.03.??"]
[Round "5"]
[EventDate "1995.03.20"]
[PlyCount "35"]
[Result "1/2-1/2"]
[White "Radziewicz, Iweta"]
[Black "Brustman, Agnieszka"]
[WhiteElo "2160"]
[BlackElo "2290"]

1. d4 Nf6 2. Nf3 g6 3. Bf4 Bg7 4. e3 O-O 5. Be2 d6 6. h3 c5 7. c3 b6 8. Nbd2  Bb7 9. O-O Nbd7 10. a4 a6 11. Bh2 Qc7 12. Re1 Rac8 13. Bf1 Rfe8 14. Qc2 Bh6 15.  Rad1 cxd4 16. exd4 Nd5 17. Qb3 a5 18. Nc4 1/2-1/2

[Event "47th POL-ch (w)"]
[Site "Warszawa POL"]
[Date "1995.03.??"]
[Round "5"]
[EventDate "1995.03.20"]
[PlyCount "97"]
[Result "1-0"]
[White "Zielinska, Marta"]
[Black "Guzkowska, Magdalena"]
[WhiteElo "2220"]
[BlackElo "2155"]

1. d4 d5 2. c4 e6 3. cxd5 exd5 4. Nc3 c6 5. Nf3 f5 6. g3 Nf6 7. Bg2 Bd6 8. Bf4  O-O 9. O-O Kh8 10. e3 Ne4 11. Bxd6 Qxd6 12. Ne5 Nd7 13. Nd3 Qh6 14. Ne2 Ndf6  15. Ne5 Ng4 16. Nxg4 fxg4 17. Bxe4 dxe4 18. Nf4 g5 19. Ne2 Be6 20. Nc3 Rad8 21.  Qa4 Qh5 22. Qa5 b5 23. Qc7 Bd5 24. Qe5+ Kg8 25. Nxd5 cxd5 26. Rac1 Qg6 27. Rc7  Rfe8 28. Re7 h6 29. Rc1 Rxe7 30. Qxe7 Rf8 31. Rc7 Rf7 32. Qe8+ Kg7 33. Rc8 Qf5  34. Qh8+ Kg6 35. Rc6+ Rf6 36. Rxf6+ Qxf6 37. Qg8+ Qg7 38. Qxd5 Qe7 39. Qxb5 Kg7  40. Qe5+ Qxe5 41. dxe5 Kf7 42. Kf1 Ke6 43. Ke2 Kxe5 44. Kd2 Kd5 45. Kc3 Kc5 46.  b4+ Kd5 47. a4 a6 48. Kb3 h5 49. Kc3 1-0

[Event "47th POL-ch (w)"]
[Site "Warszawa POL"]
[Date "1995.03.??"]
[Round "6"]
[EventDate "1995.03.20"]
[PlyCount "83"]
[Result "1-0"]
[White "Aksiuczyc, Monika"]
[Black "Lewandowska, Katarzyna"]
[WhiteElo "2075"]
[BlackElo "2100"]

1. c4 f5 2. Nc3 Nf6 3. d4 g6 4. g3 Bg7 5. Bg2 O-O 6. Nh3 d6 7. d5 c6 8. Nf4 e5  9. dxe6 Na6 10. O-O Nc5 11. Qc2 Nxe6 12. Rd1 Qe7 13. Rb1 Re8 14. b4 Nxf4 15.  Bxf4 Nh5 16. Bc1 f4 17. gxf4 Qf7 18. b5 Qxc4 19. bxc6 bxc6 20. Qb3 Be6 21. Qxc4  Bxc4 22. Bd2 Bxc3 23. Bxc3 Nxf4 24. Bf6 Nxe2+ 25. Kh1 Rab8 26. Rxb8 Rxb8 27.  Bxc6 Rb6 28. Bf3 d5 29. Be5 d4 30. Bxd4 Rd6 31. Bxe2 Bxe2 32. Rd2 Bf3+ 33. Kg1  Rc6 34. h4 Rc1+ 35. Kh2 Rh1+ 36. Kg3 Bd5 37. Bxa7 Be6 38. Be3 Rh3+ 39. Kf4  Rxh4+ 40. Kg5 Rg4+ 41. Kf6 h5 42. Kxe6 1-0

[Event "47th POL-ch (w)"]
[Site "Warszawa POL"]
[Date "1995.03.??"]
[Round "6"]
[EventDate "1995.03.20"]
[PlyCount "97"]
[Result "1-0"]
[White "Bobrowska, Monika"]
[Black "Bartosik, Olimpia"]
[WhiteElo "2310"]
[BlackElo "2145"]

1. d4 d5 2. c4 c6 3. Nc3 Nf6 4. e3 e6 5. Qc2 Na6 6. Nf3 Be7 7. cxd5 Nb4 8. Qa4  Nbxd5 9. Bd3 O-O 10. O-O Qc7 11. e4 Nf4 12. Bb1 Ng6 13. e5 Nd5 14. Qc4 Qd8 15.  Bd2 f5 16. exf6 gxf6 17. Re1 Rf7 18. Bc2 Qf8 19. Kh1 Qg7 20. Qf1 Bd7 21. Ne4  Kh8 22. Rad1 Rg8 23. Ng3 Qf8 24. a3 Bd6 25. Ne4 Be7 26. Bc1 Qg7 27. h4 Nf8 28.  Rd3 Bc8 29. Nh2 Nd7 30. h5 Qf8 31. Nc3 N7b6 32. Bd1 f5 33. Nf3 f4 34. Ne5 Rf5  35. Bf3 Bd6 36. a4 Nd7 37. Nxd5 cxd5 38. Nxd7 Bxd7 39. b3 Qf7 40. Bd2 Qf6 41.  Qe2 Qh4+ 42. Kg1 Rxh5 43. Bxh5 f3 44. Qxf3 Rf8 45. Bf7 Be8 46. g3 Qd8 47. Rxe6  Rxf7 48. Qxd5 Rd7 49. Bg5 1-0

[Event "47th POL-ch (w)"]
[Site "Warszawa POL"]
[Date "1995.03.??"]
[Round "6"]
[EventDate "1995.03.20"]
[PlyCount "101"]
[Result "1-0"]
[White "Brustman, Agnieszka"]
[Black "Grabarska, Barbara"]
[WhiteElo "2290"]
[BlackElo "2155"]

1. e4 e5 2. Nf3 Nc6 3. Bb5 a6 4. Ba4 Nf6 5. O-O Nxe4 6. d4 b5 7. Bb3 d5 8. dxe5  Be6 9. Nbd2 Nc5 10. c3 d4 11. Bxe6 Nxe6 12. cxd4 Ncxd4 13. a4 Bc5 14. Ne4 Bb6  15. Be3 O-O 16. Nxd4 Bxd4 17. Bxd4 Qxd4 18. Qxd4 Nxd4 19. Rfd1 Rfd8 20. Kf1 Nb3  21. Rxd8+ Rxd8 22. Ra3 Nc1 23. g3 b4 24. Re3 Rd1+ 25. Kg2 Nd3 26. b3 Ne1+ 27.  Kh3 Nc2 28. Re2 Nd4 29. Rb2 Ne6 30. f4 Kf8 31. f5 Nd4 32. Nc5 a5 33. f6 gxf6  34. exf6 Rf1 35. Rd2 Ne6 36. Nxe6+ fxe6 37. Rd7 Rxf6 38. Rxc7 h6 39. Rc5 Rf3  40. Rxa5 Rxb3 41. Ra7 Rf3 42. Rh7 Rf6 43. Rb7 e5 44. Rxb4 Ra6 45. Kg4 Kf7 46.  Kf5 Ra5 47. Re4 Kg7 48. Ke6 Kg6 49. Rg4+ Kh5 50. h3 Ra6+ 51. Kf5 1-0

[Event "47th POL-ch (w)"]
[Site "Warszawa POL"]
[Date "1995.03.??"]
[Round "6"]
[EventDate "1995.03.20"]
[PlyCount "74"]
[Result "0-1"]
[White "Dabrowska, Krystyna"]
[Black "Zielinska, Marta"]
[WhiteElo "2305"]
[BlackElo "2220"]

1. e4 e6 2. d4 d5 3. e5 c5 4. c3 Nc6 5. Nf3 Bd7 6. a3 f6 7. b4 fxe5 8. b5 Na5  9. Nxe5 Nf6 10. Bg5 Be7 11. Nd2 O-O 12. Be2 Be8 13. O-O Qb6 14. Ndf3 Bd6 15. a4  Ne4 16. Bd3 cxd4 17. cxd4 Bxe5 18. dxe5 Bh5 19. Be3 Qc7 20. Rc1 Qb8 21. h3 Rxf3  22. gxf3 b6 23. Be2 Nc5 24. f4 Bxe2 25. Qxe2 Qf8 26. Qg4 Nab3 27. Bxc5 Nxc5 28.  Rfd1 Re8 29. Re1 Qf7 30. Re3 Ne4 31. Rc6 h5 32. Qh4 Rf8 33. f3 Nc5 34. Re2 Qxf4  35. Qxh5 Qc1+ 36. Kg2 Qd1 37. f4 Nd3 0-1

[Event "47th POL-ch (w)"]
[Site "Warszawa POL"]
[Date "1995.03.??"]
[Round "6"]
[EventDate "1995.03.20"]
[PlyCount "59"]
[Result "1-0"]
[White "Dworakowska, Joanna"]
[Black "Henc, Renata"]
[WhiteElo "2225"]
[BlackElo "2160"]

1. e4 e6 2. d4 d5 3. Nc3 Nf6 4. Bg5 dxe4 5. Nxe4 Be7 6. Bxf6 Bxf6 7. Nf3 O-O 8.  Nxf6+ Qxf6 9. Qd2 b6 10. Bd3 Bb7 11. Ng5 g6 12. Be4 Bxe4 13. Nxe4 Qf5 14. Qe3  Nc6 15. c3 Kg7 16. f4 f6 17. O-O Qd5 18. b3 Ne7 19. Rae1 Nf5 20. Qh3 Rae8 21.  Rf2 Re7 22. Rfe2 Rfe8 23. g4 Nh6 24. Nxf6 Kxf6 25. Qxh6 Qf3 26. g5+ Kf5 27.  Re5+ Kg4 28. R5e3 Qc6 29. h3+ Kxf4 30. Qh4+ 1-0

[Event "47th POL-ch (w)"]
[Site "Warszawa POL"]
[Date "1995.03.??"]
[Round "6"]
[EventDate "1995.03.20"]
[PlyCount "76"]
[Result "0-1"]
[White "Krynicka, Jolanta"]
[Black "Leszner, Liliana"]
[WhiteElo "2175"]
[BlackElo "2205"]

1. Nf3 g6 2. g3 Bg7 3. Bg2 Nf6 4. O-O c5 5. c4 Nc6 6. Nc3 O-O 7. d3 a6 8. Rb1  Rb8 9. a4 b6 10. b3 Bb7 11. Bb2 e6 12. e3 Nb4 13. Ba3 d5 14. Bxb4 cxb4 15. Ne2  Qe7 16. Nd2 Rfd8 17. Qc2 Rbc8 18. Rbd1 Nd7 19. Qb1 Nf6 20. d4 a5 21. Rc1 Ba6  22. Rfe1 e5 23. cxd5 Rxc1 24. Qxc1 Nxd5 25. Nc4 exd4 26. Nxd4 Qc5 27. Bf1 Nc3  28. Nf3 Bb7 29. Nfd2 Qc6 30. f3 Qc5 31. Bg2 Ba6 32. Qc2 b5 33. axb5 Bxb5 34.  Ne4 Nxe4 35. Qxe4 a4 36. Bf1 a3 37. Qh4 Re8 38. Kg2 a2 0-1

[Event "47th POL-ch (w)"]
[Site "Warszawa POL"]
[Date "1995.03.??"]
[Round "7"]
[EventDate "1995.03.20"]
[PlyCount "110"]
[Result "0-1"]
[White "Bartosik, Olimpia"]
[Black "Brustman, Agnieszka"]
[WhiteElo "2145"]
[BlackElo "2290"]

1. e4 c5 2. c3 d5 3. exd5 Qxd5 4. Nf3 Nf6 5. d4 Bg4 6. Be2 e6 7. O-O Nc6 8. Na3  a6 9. h3 Bh5 10. Nc2 cxd4 11. Ncxd4 Nxd4 12. Nxd4 Bxe2 13. Qxe2 Be7 14. Be3 O-O  15. Rfd1 Qe4 16. Nf3 Rfd8 17. Kf1 Nd5 18. Bd4 Qxe2+ 19. Kxe2 Rac8 20. g3 f6 21.  Nd2 Rd7 22. Nf1 e5 23. Be3 Rdd8 24. Rd2 Kf7 25. Rc1 b5 26. Rdc2 f5 27. Bd2 Nb6  28. Rd1 Ke6 29. b3 Rd7 30. Be3 Rxd1 31. Kxd1 Nd5 32. Bd2 Bc5 33. Be1 Nb6 34.  Ke2 g5 35. Bd2 f4 36. Be1 e4 37. Bd2 Kf5 38. Be1 Ke5 39. Nd2 Nd5 40. c4 Nb4 41.  Rc1 Nxa2 42. Ra1 Nb4 43. cxb5 axb5 44. f3 Nc2 45. Rc1 Nxe1 46. Nxe4 fxg3 47.  Nxc5 g2 48. Kf2 Kf5 49. b4 Re8 50. Rc3 Re2+ 51. Kg1 Kf4 52. Nd3+ Kg3 53. Nc1  Rc2 54. f4+ Nf3+ 55. Rxf3+ Kxf3 0-1

[Event "47th POL-ch (w)"]
[Site "Warszawa POL"]
[Date "1995.03.??"]
[Round "7"]
[EventDate "1995.03.20"]
[PlyCount "61"]
[Result "1-0"]
[White "Henc, Renata"]
[Black "Aksiuczyc, Monika"]
[WhiteElo "2160"]
[BlackElo "2075"]

1. d4 Nf6 2. Nf3 e6 3. Bg5 d5 4. e3 c5 5. c3 Nc6 6. Nbd2 cxd4 7. exd4 Bd6 8.  Bd3 h6 9. Bh4 O-O 10. O-O e5 11. dxe5 Nxe5 12. Nxe5 Bxe5 13. Nf3 Bg4 14. h3  Bxf3 15. Qxf3 Re8 16. Rfe1 Qb6 17. Bxf6 Qxf6 18. Qxd5 Rad8 19. Qc4 b5 20. Qxb5  Rb8 21. Qa4 Red8 22. Qc2 g6 23. Bc4 Kg7 24. Bb3 h5 25. Re3 Qf4 26. g3 Qg5 27.  h4 Qf6 28. Qe4 Bxg3 29. Rxg3 Qb6 30. Qe5+ f6 31. Qxh5 1-0

[Event "47th POL-ch (w)"]
[Site "Warszawa POL"]
[Date "1995.03.??"]
[Round "7"]
[EventDate "1995.03.20"]
[PlyCount "80"]
[Result "0-1"]
[White "Leszner, Liliana"]
[Black "Dworakowska, Joanna"]
[WhiteElo "2205"]
[BlackElo "2225"]

1. e4 c5 2. Nf3 d6 3. b3 Nf6 4. Nc3 g6 5. Bb2 e5 6. g3 Bg7 7. Bg2 O-O 8. O-O  Nc6 9. Nh4 Nd4 10. Nb1 d5 11. c3 Ne6 12. d3 Ng5 13. Nd2 Bg4 14. f3 Bh3 15. f4  exf4 16. gxf4 Bxg2 17. Nxg2 Ne6 18. f5 Nc7 19. e5 Nh5 20. f6 Bh6 21. d4 cxd4  22. cxd4 Qd7 23. Rc1 Ne6 24. Rb1 Rfc8 25. Nf3 Nef4 26. Nxf4 Nxf4 27. Kh1 Qf5  28. Rc1 Nd3 29. Rxc8+ Rxc8 30. Ba3 Be3 31. Qe2 Nf2+ 32. Rxf2 Bxf2 33. Qxf2 Rc3  34. e6 Rxf3 35. e7 Qb1+ 36. Qg1 Qe4 37. e8=Q+ Qxe8 38. Be7 Qb5 39. Qg4 Qf1+ 40.  Qg1 Qe2 0-1

[Event "47th POL-ch (w)"]
[Site "Warszawa POL"]
[Date "1995.03.??"]
[Round "7"]
[EventDate "1995.03.20"]
[PlyCount "84"]
[Result "0-1"]
[White "Lewandowska, Katarzyna"]
[Black "Bobrowska, Monika"]
[WhiteElo "2100"]
[BlackElo "2310"]

1. d4 Nf6 2. Nf3 g6 3. c4 Bg7 4. Nc3 O-O 5. e4 d6 6. h3 e5 7. d5 Nh5 8. Nh2 Qe8  9. Be2 Nf4 10. Bf3 Qe7 11. g3 Nxh3 12. Bg4 f6 13. Bxc8 Rxc8 14. Qg4 Qd7 15.  Qxd7 Nxd7 16. Nf3 Ng5 17. Bxg5 fxg5 18. Nxg5 Nf8 19. Nb5 a6 20. Na3 Bf6 21. Nf3  Nd7 22. Ke2 Rab8 23. Nc2 c5 24. a3 b5 25. Ne3 Nb6 26. Rhc1 Rb7 27. Rc2 Rcb8 28.  b4 Na4 29. cxb5 axb5 30. bxc5 Nxc5 31. Nd2 Bg5 32. f3 Bxe3 33. Kxe3 Ra8 34. Rb2  Kf7 35. Nb3 b4 36. Nxc5 dxc5 37. Rba2 Rba7 38. Kd3 Rxa3+ 39. Rxa3 Rxa3+ 40.  Rxa3 bxa3 41. Kc3 h5 42. Kb3 g5 0-1

[Event "47th POL-ch (w)"]
[Site "Warszawa POL"]
[Date "1995.03.??"]
[Round "7"]
[EventDate "1995.03.20"]
[PlyCount "55"]
[Result "1-0"]
[White "Radziewicz, Iweta"]
[Black "Dabrowska, Krystyna"]
[WhiteElo "2160"]
[BlackElo "2305"]

1. d4 Nf6 2. c4 e6 3. Nc3 Bb4 4. Qc2 c5 5. dxc5 Na6 6. a3 Bxc3+ 7. Qxc3 Nxc5 8.  f3 d5 9. cxd5 Qxd5 10. e4 Qc6 11. Be3 Ncd7 12. Qb4 e5 13. Bc4 Nh5 14. Ne2 Kd8  15. Bxf7 Nhf6 16. Rc1 a5 17. Qd2 Qa6 18. O-O Ke7 19. Ba2 Qd6 20. Qc2 Ra6 21.  Rfd1 Qb8 22. Qb3 Rf8 23. Ng3 g6 24. Bh6 Re8 25. Qf7+ Kd8 26. Bg5 Qa7+ 27. Kh1  Qb6 28. Bxf6+ 1-0

[Event "47th POL-ch (w)"]
[Site "Warszawa POL"]
[Date "1995.03.??"]
[Round "7"]
[EventDate "1995.03.20"]
[PlyCount "95"]
[Result "1-0"]
[White "Zielinska, Marta"]
[Black "Krynicka, Jolanta"]
[WhiteElo "2220"]
[BlackElo "2175"]

1. d4 Nf6 2. Nf3 g6 3. c4 Bg7 4. Nc3 d5 5. Bg5 Ne4 6. cxd5 Nxg5 7. Nxg5 e6 8.  Nf3 exd5 9. e3 O-O 10. Be2 c6 11. O-O Nd7 12. Rc1 a5 13. Na4 Re8 14. Ne1 Bf8  15. Nd3 Bd6 16. Bf3 Qh4 17. g3 Qg5 18. Nac5 Nf6 19. Re1 Ne4 20. Bg2 h5 21. Nxe4  dxe4 22. Nc5 Bg4 23. Qb3 Bf3 24. Bxf3 exf3 25. Qxb7 h4 26. Qxc6 hxg3 27. hxg3  Qf5 28. Qd7 Qh5 29. Nd3 Rad8 30. Qc6 Kg7 31. Rc5 Bxc5 32. Nf4 Qg4 33. Qxc5 g5  34. Nd3 Qh3 35. Qxg5+ Kf8 36. Nf4 Qh7 37. Qf6 Rc8 38. Qh4 Qxh4 39. gxh4 Rc2 40.  Rb1 Rb8 41. b3 Rxa2 42. Nd3 Ra3 43. Nc5 a4 44. Nd7+ Ke7 45. Nxb8 Rxb3 46. Nc6+  Kd7 47. Ne5+ Ke6 48. Rxb3 1-0

[Event "47th POL-ch (w)"]
[Site "Warszawa POL"]
[Date "1995.03.??"]
[Round "8"]
[EventDate "1995.03.20"]
[PlyCount "135"]
[Result "1-0"]
[White "Brustman, Agnieszka"]
[Black "Lewandowska, Katarzyna"]
[WhiteElo "2290"]
[BlackElo "2100"]

1. Nf3 f5 2. g3 Nf6 3. Bg2 g6 4. d4 Bg7 5. c4 d6 6. Nc3 O-O 7. O-O Qe8 8. d5  Na6 9. Be3 c5 10. Qc1 Ng4 11. Bf4 Nc7 12. h3 Nf6 13. a4 Bd7 14. Bh6 Qc8 15.  Bxg7 Kxg7 16. Nb5 a6 17. Nxc7 Qxc7 18. Qe3 e5 19. dxe6 Rae8 20. Qd3 Bxe6 21.  Rad1 Ne4 22. Nd2 Nxd2 23. Rxd2 Rf6 24. Qc3 Bd7 25. b3 Bc6 26. Rfd1 Kf7 27. Kf1  Bxg2+ 28. Kxg2 Qe7 29. Qf3 Rb8 30. Rd3 Re6 31. R1d2 Rd8 32. Rd5 Rf6 33. Qc3  Qe4+ 34. Kg1 Qe7 35. e3 Re6 36. Qa5 Qf8 37. Qb6 Rd7 38. Kh2 Ke8 39. Kg2 Qe7 40.  Kh2 Qd8 41. Qxd8+ Kxd8 42. g4 fxg4 43. hxg4 Kc7 44. Kg3 b5 45. axb5 axb5 46. b4  bxc4 47. bxc5 Kc6 48. Rxd6+ Rexd6 49. cxd6 Rxd6 50. Rc2 Kc5 51. e4 g5 52. Kf3  Kb4 53. e5 Rc6 54. Rb2+ Ka3 55. Rb7 c3 56. Rxh7 Rc8 57. Ra7+ Kb2 58. Rb7+ Ka2  59. Ra7+ Kb2 60. Rb7+ Ka1 61. Ra7+ Kb1 62. Rb7+ Kc1 63. Ke4 c2 64. Kf5 Kd1 65.  Rh7 Kd2 66. Rh1 Rf8+ 67. Kxg5 Rxf2 68. e6 1-0

[Event "47th POL-ch (w)"]
[Site "Warszawa POL"]
[Date "1995.03.??"]
[Round "8"]
[EventDate "1995.03.20"]
[PlyCount "80"]
[Result "1/2-1/2"]
[White "Dabrowska, Krystyna"]
[Black "Grabarska, Barbara"]
[WhiteElo "2305"]
[BlackElo "2155"]

1. e4 e5 2. Nc3 Nf6 3. f4 d5 4. fxe5 Nxe4 5. Nf3 Be7 6. Qe2 Nxc3 7. dxc3 c6 8.  Bf4 Qa5 9. Qe3 c5 10. Qd2 Be6 11. Bd3 Nc6 12. O-O d4 13. cxd4 Qxd2 14. Bxd2  cxd4 15. Rae1 h6 16. a3 O-O 17. b4 a6 18. Bc1 Bd8 19. Kh1 Bc7 20. Be4 Rad8 21.  Bb2 Bd5 22. Nxd4 Nxd4 23. Bxd4 Rfe8 24. Bxd5 Rxd5 25. Ba1 b5 26. Re4 Bxe5 27.  c4 bxc4 28. Rxc4 a5 29. Kg1 Ra8 30. Bxe5 Rxe5 31. Rb1 axb4 32. axb4 Rb8 33. Rb2  Rf5 34. Rf2 Rfb5 35. Rff4 g5 36. Rfd4 Kg7 37. Kf2 Kg6 38. Ke3 R8b6 39. Kd3 f5  40. Kc3 Kf6 1/2-1/2

[Event "47th POL-ch (w)"]
[Site "Warszawa POL"]
[Date "1995.03.??"]
[Round "8"]
[EventDate "1995.03.20"]
[PlyCount "69"]
[Result "1-0"]
[White "Dworakowska, Joanna"]
[Black "Zielinska, Marta"]
[WhiteElo "2225"]
[BlackElo "2220"]

1. e4 c6 2. d4 d5 3. Nd2 g6 4. e5 Bg7 5. h3 Nh6 6. Ngf3 f6 7. Bd3 Nd7 8. Qe2  fxe5 9. Nxe5 Nxe5 10. dxe5 e6 11. O-O O-O 12. Nf3 Qc7 13. Re1 Bd7 14. Ng5 Nf5  15. c3 Qd8 16. Qg4 Qe7 17. h4 Be8 18. g3 Kh8 19. Nh3 Rg8 20. Qe2 h6 21. Kg2 Bf7  22. Bd2 Raf8 23. Rh1 Qc7 24. Rae1 Rd8 25. Nf4 Qe7 26. g4 Nxh4+ 27. Rxh4 g5 28.  Rh3 gxf4 29. Bxf4 h5 30. Reh1 Qe8 31. Rxh5+ Bxh5 32. Rxh5+ Qxh5 33. gxh5 Bh6+  34. Bg3 Rdf8 35. Bg6 1-0

[Event "47th POL-ch (w)"]
[Site "Warszawa POL"]
[Date "1995.03.??"]
[Round "8"]
[EventDate "1995.03.20"]
[PlyCount "97"]
[Result "1-0"]
[White "Guzkowska, Magdalena"]
[Black "Bartosik, Olimpia"]
[WhiteElo "2155"]
[BlackElo "2145"]

1. d4 d5 2. c4 c6 3. Nc3 Nf6 4. Nf3 e6 5. cxd5 exd5 6. Qc2 Be7 7. Bg5 O-O 8. e3  Ne4 9. Bxe7 Qxe7 10. Bd3 f5 11. O-O Nd7 12. Rab1 Rf6 13. Rfc1 Rh6 14. b4 g5 15.  b5 g4 16. Bxe4 fxe4 17. Nd2 Nf8 18. Nf1 Ng6 19. Ne2 Nh4 20. bxc6 bxc6 21. Qa4  Qg5 22. Nf4 Rf6 23. Ng3 Rd6 24. Qa5 Qe7 25. Rc5 Qd7 26. Rc2 Kh8 27. Rcb2 a6 28.  Rb8 Rxb8 29. Rxb8 Kg7 30. Nxe4 dxe4 31. Rxc8 Qxc8 32. Qe5+ Kf7 33. Qxd6 Qb7 34.  Qe6+ Kf8 35. Qb3 Qxb3 36. axb3 Ke7 37. Ne2 Kd6 38. Nc3 Nf5 39. Nxe4+ Kc7 40.  Kf1 Kb6 41. Ke2 Kb5 42. Nc5 a5 43. Kd3 Kb4 44. e4 Nh4 45. g3 Nf3 46. e5 Nxe5+  47. dxe5 Kxc5 48. Ke4 h6 49. Kf5 1-0

[Event "47th POL-ch (w)"]
[Site "Warszawa POL"]
[Date "1995.03.??"]
[Round "8"]
[EventDate "1995.03.20"]
[PlyCount "84"]
[Result "0-1"]
[White "Henc, Renata"]
[Black "Leszner, Liliana"]
[WhiteElo "2160"]
[BlackElo "2205"]

1. d4 g6 2. Nf3 Bg7 3. c4 d6 4. Nc3 Nf6 5. e4 O-O 6. Be2 c6 7. O-O Nbd7 8. e5  Ne8 9. Bf4 dxe5 10. dxe5 Nc7 11. Re1 Ne6 12. Bg3 Qa5 13. Bf1 a6 14. a3 b5 15.  b4 Qd8 16. c5 Qc7 17. Qb3 a5 18. Qb2 axb4 19. axb4 Rxa1 20. Qxa1 Rd8 21. Bxb5  cxb5 22. Nd5 Qb8 23. Nxe7+ Kf8 24. Nc6 Qb7 25. Nxd8 Nxd8 26. Ng5 Kg8 27. Qa2  Nf8 28. Rd1 Nc6 29. Qb2 Qe7 30. Nf3 Bg4 31. Re1 Bxf3 32. gxf3 Ne6 33. f4 Ncd4  34. Ra1 h5 35. f5 Nxf5 36. Ra8+ Kh7 37. f4 h4 38. Bf2 Nxf4 39. c6 Bxe5 40. Qc2  Qg5+ 41. Kf1 Qg2+ 42. Ke1 Qf3 0-1

[Event "47th POL-ch (w)"]
[Site "Warszawa POL"]
[Date "1995.03.??"]
[Round "8"]
[EventDate "1995.03.20"]
[PlyCount "145"]
[Result "1-0"]
[White "Krynicka, Jolanta"]
[Black "Radziewicz, Iweta"]
[WhiteElo "2175"]
[BlackElo "2160"]

1. g3 Nf6 2. Bg2 d5 3. b3 Bf5 4. Bb2 e6 5. Nf3 h6 6. O-O Be7 7. c4 O-O 8. d3 a5  9. Nbd2 c6 10. a3 Bh7 11. Qc1 Nbd7 12. Bc3 Re8 13. b4 axb4 14. axb4 e5 15. Rxa8  Qxa8 16. Nxe5 Nxe5 17. Bxe5 Bxb4 18. Bxf6 gxf6 19. cxd5 cxd5 20. Bxd5 Rxe2 21.  Ne4 Bxe4 22. dxe4 Rd2 23. Qc7 Qf8 24. Qxb7 Bc5 25. Qb3 Bd4 26. Qf3 Qc5 27. Qf5  Kg7 28. Qg4+ Kf8 29. Qf4 Qc2 30. Qxh6+ Ke7 31. Qf4 Re2 32. Qf3 Rd2 33. Kg2 Rd3  34. Qh5 Rd2 35. Qxf7+ Kd8 36. Qg8+ Ke7 37. Qe6+ Kd8 38. Qd6+ Kc8 39. Qc6+ Qxc6  40. Bxc6 Kc7 41. Bd5 Kd6 42. h4 Ke5 43. Bc6 Rc2 44. Be8 Kxe4 45. Bg6+ f5 46. g4  Kf4 47. Bxf5 Rb2 48. Bd7 Rb7 49. Be6 Rb2 50. h5 Rc2 51. Bf5 Ra2 52. h6 Ra1 53.  Rxa1 Bxa1 54. Kh3 Bf6 55. h7 Kg5 56. Kg3 Kh6 57. Kf4 Kg7 58. Ke4 Bb2 59. f4 Bc1  60. Bg6 Bb2 61. f5 Bf6 62. Kd5 Kh8 63. Ke6 Bc3 64. Bh5 Kxh7 65. g5 Bd2 66. g6+  Kg8 67. f6 Bh6 68. Kf5 Bf8 69. Bd1 Bh6 70. Bb3+ Kh8 71. Ke6 Bg7 72. fxg7+ Kg8  73. Kf6# 1-0